• 首页
  • 本馆介绍
  • 公告通知
  • 最新文献
  • 馆藏检索
  • 电子资源
  • 读者荐购
  • 参考咨询
  • CALIS
  • 我的图书馆
  • 登录
  • 详细信息显示
  • 放入我的书架
  • 预约/预借图书
  • 作者相关作品
  • 分类相关作品
  • 丛书相关作品
  • 出版社相关作品

书目信息

  • 表格格式
  • 工作单格式
  • 卡片格式
题名:
低空经济
    
 
作者: 黄加翼 著
分册:  
出版信息: 北京   中国科学技术出版社  2025.05
页数: 269页
开本: 24cm
丛书名:
单 册:
中图分类: F561.9
科图分类:
主题词: 民用航空--交通运输史
电子资源:
ISBN: 978-7-5236-1327-6
 
 
 
 
 
000 01228nam0 2200265 450
001 010622231956
005 20251022210732.58
010    @a978-7-5236-1327-6@dCNY79.00
100    @a20250520d2025 em y0chiy0120 ea
101 0  @achi
102    @aCN@b110000
105    @aa az 000yy
106    @ar
200 1  @a低空经济@9di kong jing ji@e如何改变生活、社会和产业@f黄加翼著
210    @a北京@c中国科学技术出版社@d2025.05
215    @a269页@c图@d24cm
314    @a黄加翼,高级工程师,原国家民用航空安保审计员,多年从事民用航空、民航安保,低空经济等领域项目以及研究工作。
320    @a有书目
330    @a本书不仅从多个维度深入剖析低空经济,还着重阐述了相关企业在低空经济发展中发挥的关键作用。众多企业积极投入研发,推动技术创新,从飞行器的设计制造到相关应用场景的开拓,在低空经济产业链的各个环节发力,从技术研发到市场拓展,从硬件制造到软件服务,都发挥着不可替代的作用,为低空经济的蓬勃发展注入源源不断的动力。本书不仅是一次知识的科普,更是一场对未来经济发展新引擎的探索。
517 1  @a如何改变生活、社会和产业@9ru he gai bian sheng huo 、she hui he chan ye
606 0  @a民用航空@x交通运输史
690    @aF561.9@v5
701  0 @a黄加翼@9huang jia yi@4著
801  0 @aCN@c20250912
905    @a河南城建学院图书馆@dF561.9@eH848@ZH848@f3
    
    低空经济:如何改变生活、社会和产业/黄加翼著.-北京:中国科学技术出版社,2025.05
    269页:图;24cm
    
    
    ISBN 978-7-5236-1327-6:CNY79.00
    本书不仅从多个维度深入剖析低空经济,还着重阐述了相关企业在低空经济发展中发挥的关键作用。众多企业积极投入研发,推动技术创新,从飞行器的设计制造到相关应用场景的开拓,在低空经济产业链的各个环节发力,从技术研发到市场拓展,从硬件制造到软件服务,都发挥着不可替代的作用,为低空经济的蓬勃发展注入源源不断的动力。本书不仅是一次知识的科普,更是一场对未来经济发展新引擎的探索。
●
相关链接 在E读中查询图书 在当当中查询图书 在豆瓣中查询图书


正题名:低空经济     索取号:F561.9/H848         预约/预借

序号 登录号 条形码 馆藏地/架位号 状态 备注
1 1636978   216369784   社科库409/409社科库 38排2列4层/ [索取号:F561.9/H848] 在馆    
2 1636979   216369793   社科库409/ [索取号:F561.9/H848] 在馆    
3 1636980   216369800   社科库409/409社科库 38排2列4层/ [索取号:F561.9/H848] 在馆    
河南城建学院图书馆 欢迎您!
大连网信软件有限公司© 版权所有